Statistics for Countries of the world by flag

Click here to take the quiz!

General Stats

  • This quiz has been taken 4 times
  • The average score is 130 of 195

Answer Stats

Answer% Correct
Afghanistan
100%
Albania
100%
Andorra
100%
Argentina
100%
Australia
100%
Austria
100%
Algeria
67%
Angola
67%
Antigua and Barbuda
67%
Armenia
67%
Azerbaijan
67%
Bahamas
67%
Bahrain
67%
Bangladesh
67%
Barbados
67%
Belarus
67%
Belgium
67%
Belize
67%
Benin
67%
Bhutan
67%
Bolivia
67%
Bosnia and Herzegovina
67%
Botswana
67%
Brazil
67%
Brunei
67%
Bulgaria
67%
Burkina Faso
67%
Burundi
67%
Cambodia
67%
Cameroon
67%
Canada
67%
Central African Republic
67%
Chad
67%
Chile
67%
China
67%
Colombia
67%
Comoros
67%
Costa Rica
67%
Côte D'Ivoire
67%
Croatia
67%
Cuba
67%
Cyprus
67%
Czech Republic
67%
Democratic Republic of the Congo
67%
Denmark
67%
Djibouti
67%
Dominica
67%
Dominican Republic
67%
East Timor
67%
Ecuador
67%
Egypt
67%
El Salvador
67%
Equatorial Guinea
67%
Eritrea
67%
Estonia
67%
Eswatini
67%
Ethiopia
67%
Fiji
67%
Finland
67%
France
67%
Gabon
67%
Gambia
67%
Georgia
67%
Germany
67%
Ghana
67%
Greece
67%
Grenada
67%
Guatemala
67%
Guinea
67%
Guinea-Bissau
67%
Guyana
67%
Haiti
67%
Honduras
67%
Hungary
67%
Iceland
67%
India
67%
Indonesia
67%
Iran
67%
Iraq
67%
Israel
67%
Italy
67%
Jamaica
67%
Japan
67%
Jordan
67%
Kazakhstan
67%
Kenya
67%
Kiribati
67%
Korea North
67%
Korea South
67%
Kosovo
67%
Kuwait
67%
Kyrgyzstan
67%
Laos
67%
Latvia
67%
Lebanon
67%
Lesotho
67%
Liberia
67%
Libya
67%
Liechtenstein
67%
Lithuania
67%
Luxembourg
67%
Malawi
67%
Malaysia
67%
Maldives
67%
Mali
67%
Malta
67%
Marshall Islands
67%
Mauritania
67%
Mauritius
67%
Mexico
67%
Micronesia
67%
Moldova
67%
Monaco
67%
Mongolia
67%
Montenegro
67%
Morocco
67%
Mozambique
67%
Myanmar
67%
Namibia
67%
Nauru
67%
Nepal
67%
Netherlands
67%
New Zealand
67%
Nicaragua
67%
Niger
67%
Nigeria
67%
North Macedonia
67%
Norway
67%
Oman
67%
Pakistan
67%
Palau
67%
Panama
67%
Papua New Guinea
67%
Paraguay
67%
Peru
67%
Philippines
67%
Poland
67%
Portugal
67%
Qatar
67%
Republic of the Congo
67%
Romania
67%
Russia
67%
Rwanda
67%
Saint Kitts and Nevis
67%
Saint Lucia
67%
Saint Vincent and the Grenadines
67%
San Marino
67%
Sao Tome and Principe
67%
Saudi Arabia
67%
Senegal
67%
Serbia
67%
Seychelles
67%
Sierra Leone
67%
Singapore
67%
Slovakia
67%
Slovenia
67%
Solomon Islands
67%
South Africa
67%
Spain
67%
Sri Lanka
67%
Sudan
67%
Sudan South
67%
Suriname
67%
Sweden
67%
Switzerland
67%
Syria
67%
Taiwan
67%
Tajikistan
67%
Tanzania
67%
Thailand
67%
Togo
67%
Tonga
67%
Trinidad and Tobago
67%
Tunisia
67%
Turkey
67%
Turkmenistan
67%
Tuvalu
67%
Uganda
67%
Ukraine
67%
United Arab Emirates
67%
United Kingdom
67%
Uruguay
67%
Uzbekistan
67%
Vanuatu
67%
Vatican City
67%
Venezuela
67%
Vietnam
67%
Yemen
67%
Zambia
67%
Zimbabwe
67%
Cabo Verde
33%
Ireland
33%
Madagascar
33%
Samoa
33%
Somania
0%

Score Distribution

Percentile by Number Answered

Percent of People with Each Score

Your Score History

You have not taken this quiz